01230nam a22001817a 4500952011600000999001700116008004100133020001800174050002300192100003200215245012100247260004400368300002300412505043900435519010300874650006400977942000701041 00102lcc4070a08b08d2014-09-09l4oKGF7695 R672 2009p08 005068r2018-08-23s2018-08-23t1w2014-09-09yLB c93949d93949140909s2009 mx ||||| |||| 00| 0 spa d a978607090242004aKGF7695bR672 2009 0aRocha Licea, Leticiaeautor13aJusticia penal para adolescentes en el Distrito Federalb: normatividad local e internacionalc/ Leticia Rocha Licea aMéxicob: Editorial Porrúa c, 2009 axvi, 742 páginas aLey de justicia para adolescentes para el Distrito Federal Normas generales de contenido local aplicables al sistema de justicia para adolescentes Normas específicas de contenido local aplicables al sistema de justicia para adolescentes Normas generales de contenido internacional aplicables al sistema de justicia para adolescentes Normas específicas de contenido internacional aplicables al sistema de justicia para adolescentes aEducación Mixta /bDerecho /cSistema de Justicia Penal Para Adolescentes (P27-1) /d(08 005068)10aADMINISTRACIÓN DE JUSTICIA PARA MENORESzDISTRITO FEDERAL cLB